| 000 | 00339 a2200109 4500 | ||
|---|---|---|---|
| 020 | _a9780195792201 | ||
| 082 | _a954.91 HUS | ||
| 100 | _aHussain, J. | ||
| 245 |
_aA History of the Peoples of Pakistan towards independence / _cJ. Hussain |
||
| 260 |
_aPakistan : _bOxford university press, _c2009 |
||
| 300 |
_aviii, 487p. : _bill. ; _c23 cm |
||
| 650 | _aHistory of Pakistan | ||
| 999 |
_c2354 _d2354 |
||